Exclusive Feature Papers in Colorants (Record no. 24463)
[ view plain ]
| 000 -LEADER | |
|---|---|
| fixed length control field | 00939nam a2200133Ia 4500 |
| 008 - FIXED-LENGTH DATA ELEMENTS--GENERAL INFORMATION | |
| fixed length control field | 220620s9999||||xx |||||||||||||| ||und|| |
| 020 ## - INTERNATIONAL STANDARD BOOK NUMBER | |
| International Standard Book Number | 9783040000000 |
| 245 #0 - TITLE STATEMENT | |
| Title | Exclusive Feature Papers in Colorants |
| 546 ## - LANGUAGE NOTE | |
| Language note | English[eng] |
| 650 ## - SUBJECT ADDED ENTRY--TOPICAL TERM | |
| Topical term or geographic name entry element | molecular rotors||BODIPY||viscosity sensors||dye chemistry||energy-electron transfer||azobenzene||dye||fluorophore||colorant||polymeric blend||heterocycles||2-arylazo-5-aryl-1,3,4-thiadiazoles||azo-coupling reactions||crystal structure||flavone||solvatochromic probe||membrane||zinc ion||fluorescence||tridentate ligand||catalysis||electrochemistry||morpholine||porphyrazine||titanium(IV) oxide||PI-88||glycosylation||1,2-methyl orthoesters||fluorescent labeling||AIE||zinc complex||inorganic pigments||orange color||environment-friendly||Mn4+ ion||d–d transition |
| 700 ## - ADDED ENTRY--PERSONAL NAME | |
| Personal name | Prieto, Jorge Bañuelos||Caruso, Ugo |
| 856 ## - ELECTRONIC LOCATION AND ACCESS | |
| Uniform Resource Identifier | <a href="https://mdpi.com/books/pdfview/book/4785">https://mdpi.com/books/pdfview/book/4785</a> |
| 942 ## - ADDED ENTRY ELEMENTS (KOHA) | |
| Koha item type | E-Books |
| Withdrawn status | Lost status | Damaged status | Not for loan | Home library | Current library | Date acquired | Total Checkouts | Date last seen | Price effective from | Koha item type |
|---|---|---|---|---|---|---|---|---|---|---|
| Kerala University of Digital Sciences, Innovation and Technology Knowledge Centre | Kerala University of Digital Sciences, Innovation and Technology Knowledge Centre | 20/06/2022 | 20/06/2022 | 20/06/2022 | E-Books |